Bring Me the Horizon - Avalanche Lyrics - Statistics

General Stats
  • This quiz has been taken 111 times
  • The average score is 264 of 317
Answer Stats
Lyrics % Correct
| Bridge I
100%
a
98%
an
98%
it
96%
like
96%
Avalanche,
93%
Avalanche
93%
feel
93%
it's
93%
Chorus It's
93%
my
93%
and
91%
And
91%
go
91%
me
91%
what
91%
chance,
89%
chance
89%
inside
89%
never
89%
stood
89%
tell
89%
the
89%
under
89%
I'm
87%
myself
87%
over,
87%
over
87%
what's
87%
What's
87%
'cause
85%
'Cause
85%
Verse 1 Cut
85%
going
85%
heart
85%
keep
85%
neck
85%
of
85%
open
85%
weight
85%
around
83%
Can
83%
can
83%
give
83%
Give
83%
time
83%
why
83%
anyone
81%
can't
81%
Diagnose
81%
for
81%
frozen
81%
ice
81%
thin
81%
wondering
81%
you
81%
hands
80%
on
80%
out
80%
respond?
80%
all
78%
doesn't
78%
happens
78%
need
78%
remedy
78%
circle
76%
fit
76%
no,
76%
am
74%
Verse 2 Am
74%
feels
74%
head
74%
suicide
74%
a cure
72%
cure
72%
phase
72%
running
72%
square
72%
this
72%
not
70%
survive?
69%
will
67%
world
67%
broken?
65%
find
65%
Start
65%
wasn't
65%
again,
63%
prescribe?
63%
to
63%
frequency
61%
now
61%
check
59%
Just
59%
Don't
57%
wired
57%
straight
56%
hits,
54%
hits
54%
antidote,
52%
has
52%
when
52%
treading
48%
sugarcoat
46%
well,
43%
No matching quizzes found
Score Distribution
Percent of People with Each Score
Percentile by Number Answered
Your Score History
You have not taken this quiz